00885nam a2200193 a 450000100100000000500170001000800410002704000250006808200150009310000440010824500970015226000320024930000210028150400310030295201130033395201140044695201140056099900170067400003057920200930062405.0110524s1999 mx 000 0 spa d aDO-SdBNPbspacBNPHU axxxxbxxxx1 aMartínez de Murguía, Beatriz94635810aLa policía en México :borden social o criminalidad? /cBeatriz Martínez de Murguía. aMéxico :bPlaneta,c1999. a228 p. ;c21 cm. aBibliografía: p. 223-228 001050718MOaGRbGRcCTd2011-05-24iLF1l0oxxxx xxxxp30579-10r2020-06-25w2020-06-25y1ZNo se presta 0010507-18MOaPDbPDcOId2011-05-24iLF1l0oxxxx xxxxp30580-10r2020-06-25w2020-06-25y1ZNo se presta 0010507-18MOaPDbPDcOId2011-05-24iLF1l0oxxxx xxxxp30580-20r2020-06-25w2020-06-25y1ZNo se presta c30071d30071